Statistics for Knihy ze série Harry Potter 🇨🇿

Click here to take the quiz!

General Stats

  • This quiz has been taken 107 times
  • The average score is 6 of 7

Answer Stats

#VydánoHarry Potter a ...% Correct
11997Kámen mudrců
100%
42000Ohnivý pohár
93%
31999vězeň z Azkabanu
91%
21998Tajemná komnata
90%
62005princ dvojí krve
88%
72007relikvie smrti
88%
52003Fénixův řád
85%

Score Distribution

Percentile by Number Answered

Percent of People with Each Score

Your Score History

You have not taken this quiz